[Event "Moscow Aeroflot op"]
[Site "Moscow"]
[Date "2002.02.05"]
[Round "2"]
[White "Onischuk, Alexander"]
[Black "Kosyrev, Vladimir"]
[Result "1-0"]
[WhiteElo "2655"]
[BlackElo "2565"]
[Annotator "Dautov,R"]
[PlyCount "81"]
[EventDate "2002.02.04"]
[EventType "swiss"]
[EventRounds "9"]
[EventCountry "RUS"]
[SourceTitle "CBM 088"]
[Source "ChessBase"]
[SourceDate "2002.03.21"]
[SourceVersion "1"]
[SourceVersionDate "2002.03.21"]
[SourceQuality "1"]

1. d4 e6 2. c4 Nf6 3. Nc3 d5 4. Bg5 Be7 5. e3 O-O 6. Nf3 h6 7. Bh4 b6 8. Be2
Bb7 9. Bxf6 Bxf6 10. cxd5 exd5 11. O-O Nd7 {Diese klassische Fortsetzung
überläßt Weiß eine breite Wahl an verschiedenen Möglichkeiten.
Aussichtsreicher ist 11...c5.} 12. b4 c6 (12... c5 13. bxc5 bxc5 14. Qb3 $14)
13. Qb3 Re8 14. b5 $1 {Es mag sein, daß Schwarz beim genauen Spiel in dieser
Abwicklung nichts zu befürchten hat. Es ist aber äußerst schwer, mit der neuen
Zeitkontrolle lauter einzige Züge zu finden.} ({Eine gute Alternative bietet
Weiß} 14. Rad1 {, z.B.} a6 (14... Nf8 15. a4 a5 16. b5 $14) 15. a4 Nf8 $6 (
15... b5 $5) 16. a5 bxa5 17. bxa5 Rb8 18. Na4 Ne6 19. Qc3 Rc8 20. Rb1 Rc7 21.
Qd2 $16 {Kasparov,G-Ehlvest,J/Belgrade 1989}) 14... c5 (14... Qc7 $2 15. Rac1
Qd6 16. bxc6 Bxc6 17. Nb5 Bxb5 18. Bxb5 Rec8 19. Ba6 $16) 15. Nxd5 Bxd4 $1 (
15... cxd4 $6 16. Nxf6+ Qxf6 17. Nxd4 $16) 16. Rad1 Ne5 (16... Be5 $6 17. Bc4
Nf8 18. Rd2 Rc8 $2 19. Nxb6 Qxb6 20. Bxf7+ Kh8 21. Bxe8 Bxf3 22. Qf7 $18) 17.
exd4 c4 $1 18. Bxc4 Nxc4 19. Nb4 $1 (19. Qxc4 Bxd5 20. Qd3 Be4 21. Qa3 Qd5 $11)
19... Na5 20. Qd3 (20. Qa3 Qd7 $11) 20... Qd6 $2 {Bisher hat Schwarz die
besten Züge gefunden, aber jetzt stolpert er.} ({Richtig war} 20... Be4 $1 21.
Qd2 (21. Qa3 Qd7 $11) 21... Qd7 (21... Bxf3 22. gxf3 Nc4 23. Qf4 Qd7 24. a4 $14
) 22. a4 Bxf3 23. gxf3 Re4 $1 {Dank diesem starken Zug hält Schwarz die
Stellung.} 24. fxe4 (24. Kh1 Rh4 $44) 24... Qg4+ 25. Kh1 Qf3+ $11) 21. Nc2 Be4
22. Qe2 Qd5 {Schwarz hat gedach, den geopferten Bauern bequem zurückzugewinnen,
aber...} 23. Ne3 $1 (23. a4 $4 Qa2 $19) 23... Bxf3 24. Qxf3 Qxb5 25. Nf5 $16 {
Plötzlich harmonieren die weißen Figuren. Die Drohungen auf dem Königsflügel
und der aktive Freibauer d4 setzen den Nachziehenden kräftig unter Druck.} Nc4
(25... Qc6 26. d5 Qf6 27. d6 $16) 26. Qg4 g6 27. Nxh6+ Kg7 28. Qf4 g5 29. Nf5+
Kg6 (29... Kf6 30. Nd6+ gxf4 31. Nxb5 $16) 30. Qc7 Qxf5 31. Qxc4 Rac8 {Nach
taktischem Schlagabtausch blieb Onischuk ein gesunder Mehrbauer, den er sicher
zum Gewinn verwertet.} 32. Qa6 Rc7 33. Rd2 g4 34. d5 Rh8 35. d6 Rc3 36. Qe2 $18
Qh5 37. Qe4+ Qf5 38. Qd4 Qh5 39. h3 Rc5 40. d7 gxh3 41. Qxh8 1-0

[Event "Poikovsky Karpov 03rd"]
[Site "Poikovsky"]
[Date "2002.04.19"]
[Round "4"]
[White "Obodchuk, Andrei"]
[Black "Vaganian, Rafael A"]
[Result "0-1"]
[WhiteElo "2435"]
[BlackElo "2664"]
[Annotator "Dautov,R"]
[PlyCount "78"]
[EventDate "2002.04.16"]
[EventType "tourn"]
[EventRounds "9"]
[EventCountry "RUS"]
[EventCategory "16"]
[SourceTitle "CBM 089"]
[Source "ChessBase"]
[SourceDate "2002.08.12"]
[SourceVersion "1"]
[SourceVersionDate "2002.08.12"]
[SourceQuality "1"]

{[%mdl 32768]} 1. d4 e6 2. c4 d5 3. Nc3 Be7 4. Nf3 Nf6 5. Bg5 h6 6. Bh4 O-O 7.
e3 b6 8. Rc1 Bb7 9. Bxf6 Bxf6 10. cxd5 exd5 11. b4 Re8 $5 {Dieser Zug ist
selten, aber keineswegs schlecht. Wie wir gleich sehen werden, braucht Schwarz
die frühere Fixierung b4-b5 nicht zu befürchten.} (11... c6) (11... c5) 12. b5
$6 ({Den eventuell zu frühen Zug Re8 kann Weiß möglicherweise so ausnutzen:} 
12. Be2 c6 13. O-O Nd7 14. Qb3 a5 15. b5 $1 c5 16. Nxd5 Bxd4 17. Bc4 a4 18. Qc2
Nf6 19. exd4 Bxd5 20. dxc5 Bxf3 21. gxf3 Re5 22. cxb6 Qxb6 23. Rfe1 Rg5+ 24.
Kh1 Qb7 25. Re3 $16 {Beliavsky,A-Gomez Esteban,J/Leon 1994}) 12... c5 (12...
Qd6 $6 13. a4 c5 14. bxc6 Nxc6 15. Be2 Rac8 16. O-O Na5 17. Nb5 Qb8 18. Qd3 a6
19. Nc3 Qd6 20. Nd2 Bd8 21. Bg4 Bc7 22. g3 $14 {Skembris,S-Kristensen,B/Skei
1993}) 13. bxc6 Nxc6 14. Be2 Rc8 15. O-O Na5 16. Nd2 g6 {Wie immer hat
Vaganian keine Angst vor taktischen Abwicklungen, im Gegenteil, er provoziert
sie.} ({Nichts sprach gegen die positionelle Fortsetzung} 16... a6 {/\b5, Nc4}
17. Bg4 (17. Na4 $2 Rxc1 18. Qxc1 Bxd4 $17) 17... Rc7 18. Na4 Rxc1 19. Qxc1 Bc6
20. Qc2 Bxa4 21. Qxa4 b5 $15) 17. Bg4 Rc7 18. Nb3 Nc4 $1 {Ein gut kalkuliertes
Bauernopfer.} 19. Nb5 Rce7 20. Nxa7 Bg5 $1 {Sehr stark! Ein Einschlag auf e3
läßt sich nicht abwenden. Die weißen Leichtfiguren harmonieren schlecht,
während die schwarzen Türme in der e-Linie sehr mobil sind.} 21. Nb5 (21. Ra1
Bxe3 22. fxe3 Nxe3 23. Qf3 f5 24. Bh3 Nxf1 25. Qxf1 Re2 $36) 21... Ba6 22. a4
Bxb5 23. axb5 Bxe3 24. fxe3 Nxe3 25. Qf3 Nxf1 26. Rxf1 (26. Qxf1 $2 Re3 27. Nd2
Qh4 $17) 26... f5 {Der weiße Läufer degradiert zum bloßen Zuschauer des
Geschehnisses.} 27. Bh3 Re3 $17 28. Qd1 Qh4 29. Nd2 (29. Qc2 Re1 $40) 29...
Qxd4 30. Nf3 Qe4 ({Besser war} 30... Qc5 $17) 31. Qc1 (31. Qd4 $4 Rxf3 $19)
31... d4 $2 {Dieser Fehler läßt Weiß plötzlich zum Leben erwachen.} (31... Qc4
$17) 32. Qc4+ Kg7 33. Qc7+ (33. Qxd4+ Qxd4 34. Nxd4 Rd3 35. Nc6 Rd5 36. Rb1 $15
) 33... Re7 34. Qxb6 d3 35. Rd1 $2 {Der entscheidende Patzer.} (35. Qd6 $1 $13)
35... d2 $1 $19 (35... Rxf3 36. gxf3 Qxf3 $19) 36. Nxd2 Qd5 37. g3 Re2 38. Qa5
Qd4+ 39. Kh1 Ra7 0-1

[Event "Corus-B"]
[Site "Wijk aan Zee"]
[Date "2002.01.16"]
[Round "2"]
[White "Krasenkow, Michal"]
[Black "Werle, Jan"]
[Result "1-0"]
[WhiteElo "2632"]
[BlackElo "2481"]
[Annotator "Dautov,R"]
[PlyCount "77"]
[EventDate "2002.01.15"]
[EventType "tourn"]
[EventRounds "11"]
[EventCountry "NED"]
[EventCategory "11"]
[SourceTitle "CBM 087"]
[Source "ChessBase"]
[SourceDate "2002.03.21"]
[SourceVersion "1"]
[SourceVersionDate "2002.03.21"]
[SourceQuality "1"]

1. Nf3 Nf6 2. c4 e6 3. Nc3 d5 4. d4 Be7 5. Bg5 O-O 6. e3 h6 7. Bh4 b6 8. Rb1 {
Krasenkows Patent. Weiß setzt ohne Verzögerung b2-b4 durch in der Hoffnung,
c7-c5 zu verhindern.} c6 ({Besser gefällt mir} 8... Bb7 9. b4 (9. Bxf6 Bxf6 10.
b4 ({besser ist} 10. cxd5 exd5 11. b4 {, was zu bekannten Stellungsbildern
führt.}) 10... dxc4 11. Bxc4 Qc8 12. Qb3 Nd7 13. O-O c5 $11 {Krasenkow,
M-Lugovoi,A/Panormo 2001}) 9... a5 10. a3 axb4 11. axb4 Ne4 12. Bxe7 Qxe7 13.
Qb3 Nxc3 14. Qxc3 c5 15. bxc5 bxc5 16. dxc5 dxc4 17. Bxc4 Na6 $11 {Krasenkow,
M-Yegiazarian,A/Ohrid 2001}) (8... c5 $2 {wäre verfrüht wegen} 9. dxc5 bxc5 10.
cxd5 Nxd5 (10... exd5 $2 11. Bxf6 Bxf6 12. Nxd5 $16) 11. Bxe7 Nxe7 12. Be2 $14)
9. b4 $1 $146 {Krasenkows Verbesserung gegenüber seiner Partie gegen Beliavsky.
} (9. Bd3 Ba6 10. b3 Nbd7 11. O-O Rc8 12. Qe2 Ne4 13. Bxe7 Nxc3 14. Qc2 Qxe7
15. Qxc3 Qa3 16. Ne1 c5 $11 {Krasenkow,M-Beliavsky,A/Elista 1998}) 9... Ba6 $2
{Erlaubt dem Gegner eine günstige Bauernstruktur herbeizuführen.} ({
Vorzuziehen war} 9... Nbd7 10. Bd3 a5 {/\} 11. b5 $2 (11. a3 $1) 11... dxc4 12.
Bxc4 Bb4 $17) 10. b5 cxb5 11. Bxf6 Bxf6 12. cxd5 exd5 (12... b4 13. Rxb4 Bxf1
14. Kxf1 exd5 15. Rb5 $16) 13. Bxb5 $14 {[%csl Rd5] Der Bauer d5 ist chronisch
schwach, und Weiß entwickelt schnell einen Druck auf dem Damenflügel.} Bb7 14.
O-O Nc6 15. Qd3 Qd6 (15... a6 16. Bxc6 Bxc6 17. Ne5 Bb7 18. Na4 b5 19. Nc5 $14)
(15... Na5 {/\a6,b5,Nc4} 16. Ba6 $14) 16. Rfc1 Rac8 17. Qf1 {/\Ba6} Ba8 18. Ba6
Rcd8 19. Nb5 Qe7 20. Rc3 {Weiß erobert die c-Linie.} Nb8 21. Na3 Rd7 22. Rbc1
Nxa6 23. Qxa6 Bb7 24. Qa4 a6 25. Nb1 Qd6 26. Nbd2 {Das schwarze Läuferpaar ist
keine ausreichende Kompensation für die Schwäche der Bauern b6 und d5.} Bd8 {
Schwarz nimmt Abstand von b6-b5, was den Punkt c5 schwächen würde.} 27. Ne5 $6
{Genauer wäre es, den Turmtausch zu verhindern.} (27. Qc2 $1 b5 28. Ne5 Re7 29.
Nc6 $14) 27... Rc7 28. g3 Rxc3 29. Rxc3 Bc7 $6 (29... b5 $1 30. Qd1 (30. Qc2
Ba5 31. Rc5 Bb6 32. Rc3 b4 $15) 30... b4 31. Rc1 $13 {/\Nb3-c5}) 30. Qc2 Bb8
31. Nc6 $14 {Der Tausch eines Läufers schafft die Einbruchsfelder für den
weißen Turm.} Re8 32. Nf3 Qf6 33. Nxb8 Qxf3 $2 (33... Rxb8 34. Ne5 Qe6 $14 {
/\Rc8}) 34. Nd7 $16 h5 $2 35. Rc7 $18 h4 (35... Ba8 36. Rc8 $18) 36. Rxb7 h3
37. Kf1 Qg2+ 38. Ke2 Qxh2 39. Qf5 1-0

[Event "Dubai op 6th"]
[Site "Dubai"]
[Date "2004.04.19"]
[Round "1"]
[White "Eljanov, Pavel"]
[Black "Tondivar, Babak"]
[Result "1-0"]
[WhiteElo "2592"]
[BlackElo "2304"]
[Annotator "Dautov,R"]
[PlyCount "63"]
[EventDate "2004.04.19"]
[EventType "swiss"]
[EventRounds "9"]
[EventCountry "UAE"]
[SourceTitle "CBM 101"]
[Source "ChessBase"]
[SourceDate "2004.07.27"]
[SourceVersion "1"]
[SourceVersionDate "2004.07.27"]
[SourceQuality "1"]

1. d4 d5 2. c4 e6 3. Nf3 Nf6 4. Nc3 Be7 5. Bg5 h6 6. Bh4 O-O 7. e3 b6 8. Be2
Bb7 9. Bxf6 Bxf6 10. cxd5 exd5 11. b4 c6 12. O-O a5 {In der letzten Zeit
vermeidet Schwarz diesen Zug und wählt 12...Qd6 oder 12...Re8. Offensichtlich
scheint ihm Onischuks Idee 14.Ne5 zu gefährlich.} 13. b5 c5 14. Ne5 cxd4 15.
exd4 Bxe5 $1 {Die beste Fortsetzung.} (15... Qc7 16. Na4 Bxe5 17. dxe5 Nd7 18.
f4 Nc5 19. Rc1 $14) 16. dxe5 d4 17. Na4 Qg5 (17... Ra7 $6 18. f4 Qd5 19. Rf2
Nd7 20. Rc1 Rc8 21. Rxc8+ Bxc8 22. Qc2 Bb7 23. Bc4 Qe4 24. Qxe4 Bxe4 25. Rd2
$18 {Khalifman,A-Beliavsky,A/Moscow 2002}) 18. Bf3 $146 {[%mdl 8] Selbst wenn
dieser naheliegende Zug ungefährlich ist, muß sich Schwarz umsichtig
verteidigen. Das wird in der Partie nicht der Fall sein.} ({Bisher wurde
ausschließlich 18.Bg4 gespielt, und bei vorsichtigem Spiel hält Schwarz die
Stellung.} 18. Bg4 Qxe5 19. Nxb6 Ra7 20. Rb1 (20. Be2 $2 Bxg2 $1) (20. Re1 Qd6
21. Na4 Qd5 22. Bf3 Qxb5 23. Qxd4 Nc6 24. Bxc6 Qxc6 25. f3 Raa8 $11 {Bocharov,
D-Nikitin,A/Tomsk 2003}) 20... Be4 $5 (20... f5 21. Re1 Qf6 22. Qb3+ Kh8 23.
Re6 Qf7 24. Be2 Nd7 25. Na4 Be4 26. Bc4 Qh5 27. Re1 $16 {Epishin,V-Upton,T/
Catalan Bay 2004}) 21. Re1 f5 22. Bf3 Kh8 (22... Raf7 $5 23. Nc4 Qf6 24. Rb2
Re7 $13) 23. Nc4 (23. Qd2 Nd7 24. Nc4 Qd5 $11) 23... Qc5 24. Bxe4 fxe4 25. Nd2
$14 {Onischuk,A-Vaganian,R/Poikovsky 2002}) 18... Bxf3 19. Qxf3 Ra7 $2 {
Nach diesem Fehler bekommt Schwarz kein Bein auf den Boden. Deutlich besser
ist 19...Nd7.} (19... Nd7 $1 20. Qd5 ({Nach} 20. Qh3 Rad8 $6 (20... Qe7 $142 $1
) 21. f4 Qg6 22. Rad1 Qc2 23. e6 $1 (23. Rxd4 Nxe5 $11 {wurde von Onischuk
angegeben.}) 23... Nf6 24. Nxb6 $14 {kämpft Schwarz mit Schwierigkeiten.})
20... Rfd8 $1 21. f4 Qg6 22. f5 Qg5 23. e6 (23. Qe4 Rac8 $11) 23... Nc5 24.
exf7+ Kf8 25. Qc4 Qe3+ 26. Kh1 Nxa4 27. Qxa4 Rac8 $11) 20. Qe4 $16 {Schwarz
muß nun beide Schwächen b6 und d4 decken, und sein Springer bleibt als Folge
auf b8.} Qd8 (20... Nd7 21. f4 Qe7 22. Qxd4 $16) 21. Rad1 Rd7 22. f4 (22. Rd3
f5 23. Qf4 Rd5 24. Re1 Rxb5 25. Rxd4 Qc7 $14) 22... d3 23. Qe3 Rd4 24. Nc3 $1 {
Das ist besser als 24.Nb2, Weiß droht unter anderem mit Ne4-d6. Der Bauer d3
läuft ihm nicht weg.} (24. Nb2 $6 d2 25. Rf2 Qd5 26. Rfxd2 Rxd2 27. Rxd2 Qxb5
$14) 24... f5 25. Rd2 Qd7 26. e6 $2 {Weiß übersieht einen kleinen taktischen
Trick, sonst hätte er sich für 26.Rfd1 entschieden.} (26. Rfd1 Rd8 27. e6 Qe7
28. Qe5 $16) 26... Qd6 27. Rfd1 Qxf4 $2 {Ein Verlustzug. Einzig mit 27...Rc4!
behielt Schwarz Rettungschancen.} (27... Rd8 28. e7 Re8 29. Rxd3 $18) (27...
Re8 28. Rxd3 $18) (27... Rc4 $1 28. Ne2 (28. Rxd3 $4 Rxc3 $1) 28... Re4 29. Qf2
Qxe6 30. Nd4 $14) 28. Qxf4 Rxf4 29. Rxd3 $18 {, und Schwarz kann
Materialverluste nicht abwenden.} Re8 (29... Rc4 30. Rd8 Rc7 31. R1d6 $18) 30.
Rd8 Kf8 31. e7+ Kxe7 32. Rxb8 1-0

[Event "UKR-ch 73rd"]
[Site "Kharkov"]
[Date "2004.08.25"]
[Round "1.4"]
[White "Romanishin, Oleg M"]
[Black "Neverov, Valeriy"]
[Result "1-0"]
[WhiteElo "2541"]
[BlackElo "2537"]
[Annotator "Dautov,R"]
[PlyCount "63"]
[EventDate "2004.08.03"]
[EventType "k.o."]
[EventRounds "5"]
[EventCountry "UKR"]
[SourceTitle "CBM 103"]
[Source "ChessBase"]
[SourceDate "2004.11.11"]
[SourceVersion "1"]
[SourceVersionDate "2004.11.11"]
[SourceQuality "1"]

{[%mdl 32768]} 1. d4 d5 2. c4 e6 3. Nf3 Nf6 4. Nc3 Be7 5. Bg5 h6 6. Bh4 O-O 7.
e3 b6 8. Bd3 Bb7 9. O-O Nbd7 10. Bg3 {Romanischin bleibt seiner
Lieblingvariante treu.} c5 11. Qe2 {Die andere aussichtsreiche Fortsetzung ist
11.cxd5, sieh die Partie Bologan,V-Short,N/Sarajevo 2004.} (11. cxd5 Nxd5 12.
Nxd5 exd5 13. Ne5 Nxe5 14. Bxe5 c4 15. Bc2 f6 16. Bf4 f5 17. Be5 b5 18. f4 Bc8
19. Rf3 Bf6 20. Rg3 Qe8 21. h4 a5 $11 {Bologan,V-Short,N/Sarajevo 2004}) 11...
cxd4 12. exd4 dxc4 {Schwarz startet eine umfangreiche Abtauschaktion.} (12...
Bb4 13. Rac1 Bxc3 14. bxc3 dxc4 15. Bxc4 Ne4 16. Bh4 g5 17. Bd3 Ndf6 18. Bg3
Rc8 19. Qb2 Nxg3 20. fxg3 Be4 21. Ba6 Rc7 22. Ne5 $14 {Delchev,A-Beliavsky,A/
Leon 2001}) 13. Bxc4 Nh5 (13... a6 14. a4 Bb4 15. Rac1 Nh5 16. d5 Nxg3 17. hxg3
exd5 18. Nxd5 Bc5 19. b4 Bd6 20. Rfd1 Nf6 21. Ne3 Qe7 22. Nh4 Be4 23. Qd2 Bc7
24. Nhf5 Bxf5 25. Nxf5 Qe5 26. Bd3 $1 $16 {Vyzmanavin,A-Beliavsky,A/
Novosibirsk 1995}) 14. d5 Nxg3 15. hxg3 exd5 16. Bxd5 $1 {Romanischin tauscht
die weißfeldrigen Läufer ab, denn er will seinen Springer auf d5 sicher
platzieren.} (16. Nxd5 $6 Bc5 17. b4 Bd6 18. Rfd1 Nf6 $11 {Kosyrev,V-Rychagov,
A/Vladimir 2004}) 16... Rb8 $6 $146 {Diese Neuerung ist nicht nachahmenswert.
Genauer ist 16...Bxd5, um den Be7 auf c5 zu verankern.} (16... Bxd5 17. Nxd5
Re8 18. Rad1 Bc5 19. Qc4 Rc8 20. Qf4 a5 21. a3 Re6 22. b4 axb4 23. axb4 Bd6 24.
Qd4 Qe8 25. Rfe1 Ne5 26. Nxe5 Bxe5 27. Qg4 Rcc6 $11 {Gligoric,S-Petrosian,T/
Zuerich 1961}) 17. Rad1 Bf6 {Hier steht der Läufer weniger sicher als auf c5,
aber Neverov plante offensichtlich seinen Abtausch...} 18. Qe4 Bxc3 $4 {
[%mdl 8192] Ein grober Patzer, angezeigt war 18...Bxd5.} (18... Bxd5 19. Nxd5
Re8 (19... Bxb2 $4 20. Qb4 $18) 20. Qb4 Nc5 21. Rfe1 Rxe1+ 22. Qxe1 Rc8 (22...
a5 23. Nh2 $36) 23. b4 Ne6 $14) 19. Bxb7 Qc7 (19... Bxb2 20. Bc6 $18) 20. Rxd7
$1 {Wahrscheinlich hat Schwarz diesen Zug übersehen. Weiß bekommt zwei
Leichtfiguren für den Turm.} Qxd7 21. Bc6 Qd6 22. bxc3 $18 Qa3 (22... Rbc8 23.
Nd4 Qa3 24. Nf5 $18) 23. Ne5 Rbc8 24. c4 (24. Bd5 $5 Rxc3 25. Nxf7 $18) 24...
Qxa2 25. Bd5 Rc7 26. Ng6 Rd8 27. Ne7+ Kf8 28. Nc6 Rdc8 29. Qh7 Rxc6 30. Re1 Re6
31. Bxe6 Qd2 32. Rf1 1-0

[Event "Enghien les Bains 4th"]
[Site "Enghien les Bains"]
[Date "2001.04.11"]
[Round "1"]
[White "Van Wely, Loek"]
[Black "Bologan, Viktor"]
[Result "1-0"]
[WhiteElo "2670"]
[BlackElo "2676"]
[Annotator "Dautov,R"]
[PlyCount "89"]
[EventDate "2001.04.11"]
[EventType "tourn"]
[EventRounds "9"]
[EventCountry "FRA"]
[EventCategory "17"]
[SourceTitle "CBM 083"]
[Source "ChessBase"]
[SourceDate "2001.07.05"]
[SourceVersion "1"]
[SourceVersionDate "2001.07.05"]
[SourceQuality "1"]

1. d4 {Hecht} Nf6 2. c4 e6 3. Nf3 d5 4. Nc3 Be7 5. Bg5 {Loek nimmt Abstand von
seinem geliebten System mit 5.Bf4.} h6 6. Bh4 O-O 7. e3 b6 8. Rc1 Bb7 9. Bxf6
Bxf6 10. cxd5 exd5 11. b4 c6 ({Schwarz verzichtet auf das riskante} 11... c5
12. bxc5 bxc5 13. dxc5 Nd7 (13... Qa5 14. Qd2 Rc8 15. Nb5 $14) 14. Nb5 Rc8 15.
Be2 (15. Nd6 Rxc5 16. Nxb7 Rxc1 17. Qxc1 Qb6 $11) 15... Nxc5 16. O-O a6 17.
Nbd4 g6 $6 (17... Qa5 18. Nb3 Nxb3 19. Qxb3 Ba8 $13) 18. Qd2 Qe7 19. Qa5 Rfe8
20. Rb1 Kg7 21. Rb6 Rc7 22. h4 h5 23. Ng5 $16 {Akopian,V-Short,N/Linares 1995})
12. Bd3 {Hier hat der Läufer mehr Aussichten als auf e2.} Nd7 (12... Qd6 13.
Qb3 Nd7 14. O-O Be7 15. Rb1 a5 16. bxa5 Rxa5 17. a4 Bd8 $11 {Ivkov,B-Gligoric,
S/Bled 1979}) (12... Re8 13. O-O Nd7 14. Qb3 Nf8 15. Rfd1 Ne6 16. Bf5 Rc8 17.
a4 g6 18. Bh3 Bg7 19. g3 Rc7 20. a5 $14 {Kasimdzhanov-Beliavsky/Elista ol 1998}
) 13. O-O a5 14. b5 c5 15. Bf5 $1 cxd4 (15... Rb8 16. Qb3 c4 17. Qc2 g6 18. Bh3
Re8 19. Rfe1 Qe7 20. g3 Rbd8 21. Bg2 Nf8 22. Rcd1 Qc7 23. Re2 Re7 24. Red2 Red7
25. Kh1 Ne6 26. Ng1 h5 27. f4 Ng7 28. Nf3 $14 {Dydyshko,V-Azarov,S/Minsk 2001})
16. Nxd4 (16. exd4 Re8 17. Na4 Nf8 $11) 16... Nc5 17. g3 {Außer der schönen
Diagonale c8-h3 bekommt der weiße Läufer einen guten Posten auf g2 zur
Verfügung.} ({Schlechter ist dagegen} 17. Qg4 g6 18. Bb1 Bg7 {(der Bb1 ist
deplatziert)} 19. Rfd1 Qd6 20. Nce2 h5 21. Qf3 Rac8 22. Nc6 Bxc6 23. bxc6 Qxc6
24. Nf4 $11 {Podzielny,K-Vaganian,R/Germany 1995}) 17... g6 $6 {Mit seinen
nächsten Zügen verliert Bologan wertvolle Zeit.} ({Schwarz sollte energisch
handeln, um nicht in Nachteil zu geraten:} 17... Qd6 $1 {/\Ne6}) 18. Bh3 Qd6
19. Re1 $1 {Die letzte passive Figur wird aktiviert.} h5 $6 20. Re2 Rad8 21.
Rd2 $14 {Als nächstes plant Weiß Bg2 und Nd4-c6.} Ne4 (21... Bxd4 $6 22. Rxd4
Ne6 23. Rd2 $16) 22. Nxe4 (22. Rdc2 $5 $14) 22... dxe4 23. Rc4 {Weiß sucht
nach einem günstigen Moment für Nd4-c6. Als erstes wird 23...Qb4 verhindert.}
Rfe8 24. Bf1 Re5 (24... Qe5 25. Nc6 Rxd2 26. Qxd2 Qe6 27. Qc2 $14) 25. Rcc2 {
Geschafft! Das Eindringen Nd4-c6 ist nicht zu vermeiden.} Rd5 $2 {Dies
verliert Material.} 26. Bc4 Rxd4 27. exd4 Bxd4 28. Bxf7+ $1 Kxf7 (28... Kg7 29.
Rxd4 Qxd4 30. Qxd4+ Rxd4 31. Rc7 $18) (28... Kf8 29. Bxg6 e3 30. Rxd4 Qxd4 31.
Qxd4 Rxd4 32. fxe3 $18) 29. Rc4 Bxf2+ 30. Rxf2+ Ke6 31. Qf1 Qd1 32. Rf6+ Ke5
33. Rxb6 $18 Qxf1+ 34. Kxf1 {Hecht: '[#] Schwarz lässt eine außerordentliche
Remischance aus (Zug 38).'} Bd5 35. Rc7 Kd4 36. Ke1 Bxa2 37. Rxg6 Bc4 38. b6
Bd3 {'?' Hecht.} (38... Rf8 $142 $1 {Hecht} 39. Rd6+ (39. b7 $2 {Hecht} Rf1+
40. Kd2 e3+ 41. Kc2 Bd3+ 42. Kb2 Rb1+ 43. Ka2 Bxg6 $19) 39... Kc3 40. Rxc4+
Kxc4 41. Rh6 Rb8 42. Rxh5 a4 43. Ra5 (43. Kd2 {Hecht} Rxb6 44. Ra5 (44. Ke3 {
Hecht} Ra6 $17) 44... Kb3 45. Ke3 Rb4 46. g4 (46. h4 {Hecht} a3 47. h5 Ra4 48.
Rb5+ $11) 46... a3 47. g5 a2 48. g6 Rb6 49. g7 Rg6 50. Rb5+ $11) 43... Kb4 44.
Re5 a3 45. Rxe4+ Kb3 46. Re3+ Kb2 47. Re2+ Kb1 48. Kf2 Rxb6 {hier kann
allenfalls Schwarz gewinnen.}) 39. Rf6 {'!' Hecht.} Rd5 40. Kd2 Rb5 (40... e3+
{Hecht} 41. Ke1 Rb5 42. Rd6+ Ke4 43. Re7+ $18) 41. Rd6+ Ke5 42. Rh6 Rb3 43. b7
a4 44. Re7+ Kd4 45. Rd6+ 1-0